000 00324nam a2200121Ia 4500
008 190216s9999||||xx |||||||||||||| ||und||
100 _a"Olaf A Hougen, Kennath M Watson&Amp;Ronald"
245 0 _aChemical Process Principles
260 _bCbs Publishers
_c1995
300 _a504p
650 _aChemistry-Chemistry
942 _cBK
999 _c2979
_d2979